Les 10 meilleures nations du Handball. - Statistiques

Statistiques générales
  • Ce quiz a été pris 8 691 fois
    897 depuis la dernière actualisation
  • Le résultat moyen est 7 sur 10
Statistiques - réponses
Rang Nation % Correct
3 France
100%
1 Danemark
92%
6 Allemagne
92%
10 Norvège
89%
4 Portugal
61%
2 Croatie
57%
7 Brésil
50%
8 Hongrie
42%
5 Égypte
40%
9 Islande
38%
Aucun quiz correspondant
Distribution des résultats
% des personnes avec chaque résultat
Percentile par nombre de réponses
Votre historique - résultats
Vous n’avez pas pris ce quiz depuis la dernière actualisation